|
|
|
|
| LEADER |
00000nam a2200000 i 4500 |
| 001 |
1/70099 |
| 008 |
990223s1989 eng d |
| 020 |
|
|
|a 0-8103-6185-X
|
| 035 |
|
|
|l 10048012
|
| 040 |
|
|
|a GR-MY-UA
|b gre
|e aacr
|
| 041 |
0 |
|
|a eng
|
| 082 |
0 |
|
|a 300
|
| 245 |
1 |
0 |
|a Directories in print /
|c Dawn Conzett DesJardins, editor
|
| 250 |
|
|
|a 17th ed.
|
| 260 |
|
|
|a Detroit :
|b Gale ,
|c c1989
|
| 300 |
|
|
|a 2 τ.;
|c 29 εκ.
|
| 500 |
|
|
|a A descriptive guide to print and non-print directories, Buyer's guides, Rosters and other address lists of all kinds
|
| 500 |
|
|
|a In two volumes
|
| 505 |
0 |
|
|a Volume 1: Descriprive listingsVolume 2: Indexes
|
| 650 |
0 |
0 |
|a Directories
|x Bibliography
|x Periodicals.
|
| 650 |
0 |
0 |
|a Directories
|z United States
|x Directories.
|
| 651 |
|
0 |
|a United States
|x Imprints
|x Periodicals.
|
| 700 |
1 |
|
|a DesJardins, Dawn Conzett.
|4 edt
|
| 852 |
|
|
|a INST
|b LESVOS
|e 19990223
|h 300 DIR
|p 005100018114
|q 005100018114
|t REF
|y 23
|z v.1
|
| 852 |
|
|
|a INST
|b LESVOS
|e 19990223
|h 300 DIR
|p 005100018115
|q 005100018115
|t REF
|y 23
|z v.2
|
| 852 |
|
|
|a INST
|b LESVOS
|e 19990223
|h 300 DIR
|p 005100018114
|q 005100018114
|t REF
|v v.1:
|y 23
|z v.1
|
| 852 |
|
|
|a INST
|b LESVOS
|e 19990223
|h 300 DIR
|p 005100018115
|q 005100018115
|t REF
|v v.2:
|y 23
|z v.2
|
| 853 |
|
|
|a INST
|b LESVOS
|h 300 DIR
|
| 901 |
|
|
|a BIBL-1999-1
|
| 909 |
|
|
|a Λ
|b 062342
|
| 909 |
|
|
|a Λ
|b 062343
|
| 922 |
|
|
|a 1ΕΛΗ
|b 199812
|c ΚΠΣ/ΚΥΒ
|d LEADER
|
| 950 |
|
|
|a 023-1998-09-14
|